00369nam a22001097a 4500082001400000100006800014245006800082250002000150260005000170300000700220650003200227 a615.1 PRO aProcessing Formulations & Regulations in Food Drugs & Cosmetics aProcessing Formulations & Regulations in Food Drugs & Cosmetics aSeminar Reports aColombobInstitiute of Chemistry Ceylonc2008 a25 afood,drugsaseminar reports